How to manage the I.T. helpdesk
Αποθηκεύτηκε σε:
| Κύριος συγγραφέας: | |
|---|---|
| Μορφή: | Βιβλίο |
| Γλώσσα: | English |
| Δημοσίευση: |
Oxford :
Butterworth Heinemann,
1997
|
| Σειρά: | Computer weekly professional series
|
| Θέματα: | |
| Ετικέτες: |
Προσθήκη ετικέτας
Δεν υπάρχουν, Καταχωρήστε ετικέτα πρώτοι!
|
MARC
| LEADER | 00000nam a2200000 i 4500 | ||
|---|---|---|---|
| 001 | 1/3252 | ||
| 008 | 000518s1997 eng d | ||
| 020 | |a 0750638117 | ||
| 035 | |l 10060731 | ||
| 040 | |a GR-MY-UA |b gre |e aacr | ||
| 041 | 0 | |a eng | |
| 082 | 0 | |a 004.0688 | |
| 100 | 1 | |a Bruton, Noel |d 1955- | |
| 245 | 1 | 0 | |a How to manage the I.T. helpdesk / |c Noel Bruton |
| 260 | |a Oxford : |b Butterworth Heinemann, |c 1997 | ||
| 300 | |a xiv, 220 p.; |b ill.; |c 25 cm. | ||
| 490 | 1 | |a Computer weekly professional series | |
| 504 | |a Includes bibliographical references and index | ||
| 650 | 0 | 0 | |a Information technology |x Management. |
| 650 | 0 | 0 | |a Customer services |x Management. |
| 830 | 0 | |a Computer weekly professional series | |
| 852 | |a INST |b SAMOS |e 20000518 |h 004.0688 BRU |p 005300015301 |q 005300015301 |t BK |y 0 | ||
| 901 | |a BIBL3-2000-2 | ||
| 909 | |a Σ |b 075176 | ||
| 922 | |a 3ΕΛΗ |b 200003 |c ΤΠΕΣ/ΤΑΚΤ |d ΠΑΠΑΣΩΤΗΡΙΟΥ | ||
| 970 | |a ΓΕΝΟΥΖΟΥ |b ΧΡΥΣΑΝΘΗ |z 2000/05/18 | ||